ՀՀ Գիտությունների ազգային ակադեմիայի հիմնարար գիտական գրադարան  =   Fundamental Scientific Library of NAS RA

Ֆինանսները և սոցիալիստական շինարարությունը ՀՍՍՌ-ում 40 տարում = (Record no. 15013)

MARC details
000 -LEADER
fixed length control field 01037nam a2200229 a 4500
001 - CONTROL NUMBER
control field 000031865
003 - CONTROL NUMBER IDENTIFIER
control field AM-YEHGA
005 - DATE AND TIME OF LATEST TRANSACTION
control field 20250618070944.0
008 - FIXED-LENGTH DATA ELEMENTS--GENERAL INFORMATION
fixed length control field 001219s1960 ai |||||||||||arm d
040 ## - CATALOGING SOURCE
Original cataloging agency AM-YeHGA
041 1# - LANGUAGE CODE
Language code of text/sound track or separate title arm
090 ## - LOCALLY ASSIGNED LC-TYPE CALL NUMBER (OCLC); LOCAL CALL NUMBER (RLIN)
-- 15123
100 1# - MAIN ENTRY--PERSONAL NAME
Personal name Շաքարյան, Ղևոնդ Լևոնի,
Dates associated with a name 1900-1961
9 (RLIN) 1893
245 10 - TITLE STATEMENT
Title Ֆինանսները և սոցիալիստական շինարարությունը ՀՍՍՌ-ում 40 տարում =
Remainder of title Финансы и социалистическое строительство в АРМ. ССР за 40 лет /
Statement of responsibility, etc. Ղ.Լ. Շաքարյան ; Խմբ. Ա.Կ. Շեկոյան ; ԵՊՀ.
246 31 - VARYING FORM OF TITLE
Title proper/short title Финансы и социалистическое строительство в АРМ. ССР за 40 лет
260 ## - PUBLICATION, DISTRIBUTION, ETC.
Place of publication, distribution, etc. Երևան :
Name of publisher, distributor, etc. ԵՊՀ հրատ.,
Date of publication, distribution, etc. 1960.
300 ## - PHYSICAL DESCRIPTION
Extent 126 էջ
650 14 - SUBJECT ADDED ENTRY--TOPICAL TERM
Topical term or geographic name entry element Ֆինանսական իրավունք
700 1# - ADDED ENTRY--PERSONAL NAME
Personal name Շեկոյան, Ա.Կ.
Relator term խմբ.
Relationship edt
710 2# - ADDED ENTRY--CORPORATE NAME
Corporate name or jurisdiction name as entry element Երևանի Պետական Համալսարան
942 ## - ADDED ENTRY ELEMENTS (KOHA)
Source of classification or shelving scheme Universal Decimal Classification
Koha item type Գրքեր / Books
Holdings
Withdrawn status Lost status Damaged status Not for loan Collection Home library Current library Date acquired Total checkouts Full call number Barcode Date last seen Cost, replacement price Price effective from Koha item type Public note
        General Fundamental Scientific Library Fundamental Scientific Library 21/12/2016   AII/6885 FL0021405 21/12/2016 3.00 21/12/2016 Գրքեր / Books 30 Days Loan
        General Fundamental Scientific Library Fundamental Scientific Library 21/12/2016   AII/6886 FL0021406 21/12/2016 3.00 21/12/2016 Գրքեր / Books 30 Days Loan
        General Fundamental Scientific Library Fundamental Scientific Library 21/12/2016   AII/6887 FL0021407 21/12/2016 3.00 21/12/2016 Գրքեր / Books 30 Days Loan


ՀՀ ԳԱԱ հիմնարար գիտական գրադարան
ՀՀ,Երևան 0019
Մարշալ Բաղրամյան 24/6
հեռախոս:(374-10) 52-47-50
Հետադարձ կապ

All site content, except where otherwise noted, is licensed under a
Creative Commons License